Fun Words Quiz Stats

 Plays Quiz not verified by Sporcle

Score 0/7 Timer 14:00
0 Plays Today
anything that is fun Answer % Correct
smiley faces
100%
dogs
33.3%
cats
33.3%
people
0%
youtube videos
0%
peoples mistakes
0%
weird people
0%

You're not logged in!

Compare scores with friends on all Sporcle quizzes.
Join for Free
OR
Log In

You Might Also Like...

Show Comments

Extras

Created May 26, 2015ReportNominate
Tags:anything

Top Quizzes Today


Score Distribution

Your Account Isn't Verified!

In order to create a playlist on Sporcle, you need to verify the email address you used during registration. Go to your Sporcle Settings to finish the process.

Report this User

Report this user for behavior that violates our Community Guidelines.

Details: